Normal view
MARC view
- اللعباسيون-الثورات-البلاد الاسلامية-تاريخ-العصر العباسي
Entry Topical Term
001 - CONTROL NUMBER
- control field: 62013
003 - CONTROL NUMBER IDENTIFIER
- control field: JO-AjAnu
005 - DATE AND TIME OF LATEST TRANSACTION
- control field: 20230606084129.0
008 - FIXED-LENGTH DATA ELEMENTS
- fixed length control field: 230606|| aca||aabn | a|a d
040 ## - CATALOGING SOURCE
- Original cataloging agency: JO-AjAnu
- Transcribing agency: JO-AjAnu
150 ## - HEADING--TOPICAL TERM
- Topical term or geographic name entry element: اللعباسيون-الثورات-البلاد الاسلامية-تاريخ-العصر العباسي
670 ## - SOURCE DATA FOUND
- Source citation: Work cat.: (JO-AjAnu)31627: فوزي، فاروق عمر, author 62012, الخلافة العباسية: عصر القوة والازدهار، ج1